000 00716nam a22002177a 4500
010 _aA-351351
020 _a8170620481
035 _aA-351351
037 _bCen Lib / Ret
040 _aDPL
_bEN
082 _a327.54
_bKAU
100 _aKaul, T. N.
245 _aAmbassadors need not lie /
_bsome aspects of India's foreign policy
_cby T. N. Kaul
260 _aNew Delhi
_bLancer International
_c1988
270 _a3 South Thomes Studies 5-11 Lavington Street
_bLondon
300 _a(v 1. viii, 200p)
_b24cm(Hb)
650 _aIndia -- Foreign relations -- 1947-1984.
650 _aIndia -- Foreign relations -- 1984-
650 _aDiplomatic relations.
942 _2ddc
_cEN
_h327.54
_mKAU
999 _c136786
_d136786